Panchayats and their finance (Record no. 378473)

000 -LEADER
fixed length control field 00432cam a22001457a 4500
008 - FIXED-LENGTH DATA ELEMENTS--GENERAL INFORMATION
fixed length control field 180718b1995 xxu||||| |||| 00| 0 eng d
020 ## - INTERNATIONAL STANDARD BOOK NUMBER
International Standard Book Number 817022568X
082 ## - DEWEY DECIMAL CLASSIFICATION NUMBER
Classification number B7304x54 Oa5
100 ## - MAIN ENTRY--PERSONAL NAME
Personal name Oommen, M.A.
245 ## - TITLE STATEMENT
Title Panchayats and their finance
Statement of responsibility, etc. by M.A. Oommen and Abhijit Datta
260 ## - PUBLICATION, DISTRIBUTION, ETC.
Place of publication, distribution, etc. New Delhi
Name of publisher, distributor, etc. Institute of Social Sciences
Date of publication, distribution, etc. 1995
300 ## - PHYSICAL DESCRIPTION
Extent 76p.
650 ## - SUBJECT ADDED ENTRY--TOPICAL TERM
Topical term or geographic name entry element Panchayati - Finance - India
700 ## - ADDED ENTRY--PERSONAL NAME
Personal name Datta, Abhijit
Holdings
Withdrawn status Lost status Damaged status Not for loan Permanent Location Current Location Date acquired Full call number Barcode Date last seen Price effective from Koha item type
        Indian Institute of Public Administration Indian Institute of Public Administration 1995-12-21 B7304x54 Oa5 70104 2018-07-21 2018-07-21 Book

Powered by Koha